Taught Not Caught: Educating For 21st Century Character (Record no. 4434)
[ view plain ]
| 005 - DATE AND TIME OF LATEST TRANSACTION | |
|---|---|
| control field | 20250619140807.0 |
| 020 ## - INTERNATIONAL STANDARD BOOK NUMBER | |
| International Standard Book Number | 978-1-911382-33-1 |
| 082 ## - DEWEY DECIMAL CLASSIFICATION NUMBER | |
| Classification number | 371.334 MOR |
| 100 ## - MAIN ENTRY--PERSONAL NAME | |
| Author name | MORGAN, N. |
| 245 ## - TITLE STATEMENT | |
| Title | Taught Not Caught: Educating For 21st Century Character |
| 260 ## - PUBLICATION, DISTRIBUTION, ETC. | |
| Place of publication, distribution, etc. | Melton, |
| Name of publisher, distributor, etc. | John Catt Educational Ltd, |
| Date of publication, distribution, etc. | 2019. |
| 300 ## - PHYSICAL DESCRIPTION | |
| Extent | 138p.: ill.; picture, table. |
| Dimensions | 22cm. |
| 856 ## - ELECTRONIC LOCATION AND ACCESS | |
| Link text | Access online book |
| Electronic name | Taught Not Caught |
| Path | www.johncatt.com |
| 942 ## - ADDED ENTRY ELEMENTS (KOHA) | |
| Source of classification or shelving scheme | Dewey Decimal Classification |
| Koha item type | Books |
| Date last seen | Total checkouts | Full call number | Barcode | Cost, replacement price | Price effective from | Koha item type | Lost status | Source of classification or shelving scheme | Damaged status | Not for loan | Withdrawn status | Home library | Current library | Shelving location | Date acquired | Cost, normal purchase price |
|---|---|---|---|---|---|---|---|---|---|---|---|---|---|---|---|---|
| 06/19/2025 | 371.334 MOR | 00000013201 | 82800.00 | 06/19/2025 | Books | Dewey Decimal Classification | College of Business Education Main Library | College of Business Education Main Library | General Collection | 04/04/2025 | 27600.00 |
